Les plats nationaux - Carte Quiz - Statistiques

Statistiques générales
  • Ce quiz a été pris 1 002 fois
  • Le résultat moyen est 13 sur 24
Réponses sur la Carte
Les réponses sont colorées sur une échelle allant du rouge au vert en fonction du pourcentage des utilisateurs qui les ont devinées à leur premier essai. Vous pouvez retrouver ces pourcentages ci-dessous.
 
Statistiques - réponses
Réponse % Correct
Bœuf bourguignon
88%
Pizza
77%
Fish and chips
75%
Hot dog
72%
Couscous
70%
Poutine
70%
Sushi
68%
Moules frites
65%
Pad thai
63%
Canard laqué
59%
Moussaka
58%
Poulet tandoori
58%
Tacos
58%
Kimchi
56%
Tortilla de patatas
53%
Poulet moambé
46%
Goulasch
42%
Currywurst
40%
Empanada
37%
Bœuf stroganoff
36%
Rösti
35%
Ropa vieja
33%
Thiéboudiène
33%
Ceviche
31%
Aucun quiz correspondant
Distribution des résultats
% des personnes avec chaque résultat
Percentile par nombre de réponses
Votre historique - résultats
Vous n’avez pas pris ce quiz